Quizzes
Events
Quiz Creation
Community
Videos
Private Events
Remove Ads
Sign In
Join for FREE
Feedback
Dark Mode
Quiz Categories
Sports
Geography
Music
Movies
Television
Just For Fun
Miscellaneous
History
Literature
Language
Science
Gaming
Entertainment
Religion
Holiday
For Kids
Quiz Lab
Recent
Popular Today
Quiz Kudos Today
Editor Picks
Curator Picks
Quizzes by...
Day
Popularity
Type
Ratings
Length
Year
Community
Subscriptions
Recent Discussions
Orange Saloon
Badges
Playlists
Quests
Create
Leaderboards
Showdown
Live 5
Trivia Bingo
Activity
Puzzle Library
Sporcle Events
Private Events
Virtual Trivia
Globe League
Become a Host
Pub Owners
SporcleCon
Opinionation
Our Games
Videos
Blog
Mobile Apps
Partnerships
Remove Ads and Go Orange
Feedback
Geography
Country
Landmarks
City
State
Population
World
Capital
Continent
Flags
Europe
Africa
Asia
South America
North America
Oceania
Border
Canada
United Kingdom
Topography
United States
Geography
Country
Landmarks
City
State
Population
World
Capital
Continent
Flags
Europe
Africa
Asia
South America
North America
Oceania
Border
Canada
United Kingdom
Topography
United States
Random Quiz
Search Sporcle
×
Quiz Lab
Quiz Lab
Geography
City
Type in answers that appear in a list
Type in answers that appear in a list
Classic
Best Score? Go Orange.
100k+ Nordic Cities Stats
Can you name the Nordic cities* with more than 100,00 inhabitants?
By
AleksGamer123
9m
42 Questions
942 Plays
942 Plays
942 Plays
Comments
Comments
Give Quiz Kudos
Give Quiz Kudos
-
- Ratings
hide this ad
More Info
Replay
Link that replays current quiz
Next Quiz
Link to next quiz in quiz playlist
You Got
0%
They Got
Avg Score
56%
Avg Friend Score
Upgrade to see
Score Distribution
Jump to the score distribution portion of the page
Score
0/42
Timer
09:00
1
Play Today
Rank
City
% Correct
3
Oslo, Norway
99.3%
1
Stockholm, Sweden
99%
2
København, Denmark
98%
4
Helsinki, Finland
97%
7
Malmö, Sweden
95.4%
9
Bergen, Norway
92.2%
5
Göteborg, Sweden
90.5%
6
Aarhus, Denmark
86.3%
14
Trondheim, Norway
84.6%
13
Aalborg, Denmark
79.9%
16
Odense, Denmark
79.6%
10
Tampere, Finland
78.1%
17
Turku, Finland
78.1%
12
Uppsala, Sweden
77%
8
Espoo, Finland
74.9%
26
Reykjavík, Iceland
74.8%
22
Stavanger, Norway
74.2%
15
Oulu, Finland
68.2%
21
Helsingborg, Sweden
64%
18
Linköping, Sweden
63.6%
23
Norrköping, Sweden
59%
Rank
City
% Correct
25
Jönköping, Sweden
58.1%
27
Umeå, Sweden
55.4%
19
Örebro, Sweden
55.2%
20
Västerås, Sweden
50.7%
36
Kristiansand, Norway
50.3%
29
Lund, Sweden
49.6%
11
Vantaa, Finland
49.5%
31
Lahti, Finland
45.5%
33
Esbjerg, Denmark
44.8%
24
Jyväskylä, Finland
43.3%
41
Drammen, Norway
38.9%
30
Kuopio, Finland
32.4%
40
Gävle, Sweden
30.1%
39
Halmstad, Sweden
26%
35
Borås, Sweden
24.9%
37
Eskilstuna, Sweden
24.6%
42
Södertälje, Sweden
19.3%
32
Vejle, Denmark
14.9%
28
Bærum, Norway
12.6%
35
Huddinge, Sweden
10.5%
38
Nacka, Sweden
9.5%
Quiz Playlist
Details
Report
Send in Message
Add To Playlist
More Info:
Populations as of the latest official estimate per country, based on the population of the municipality (with one exception)
Classic:
Type in answers that appear in a list
Quiz Source
Last Updated: Apr 24, 2019
Quiz Scoreboard
CHALLENGE
Sign Up to Join the Scoreboard
Show All
Scores
Hide
Comments
May contain spoilers
Recently Published
Billboard Blitz: Fleetwood Mac
by CooCooCachoo
Music
15s
Presidents Visiting Landmarks
by Hejman
History
7m
An Introduction to Baseball
by treessimontrees
Sports
5m
More to Explore
Quiz From the Vault
Featured Blog Post
Where Did the Easter Bunny Come From?
hide this ad
You Might Also Like...
Tags
City Quiz
Population Quiz
100 000
Denmark
Finland
Highest Population
Iceland
Largest City
Largest Population
Norway
Norwegian
Sweden
Today's Top Quizzes in Geography
Browse Geography
hide this ad
Today's Top Quizzes in City
Browse City
Top Contributed Quizzes in Geography
1
Countries of the World - No Outlines Minefield
2
Top 25 Cities of France on a map
3
Any capital of a 'B' country per Continent
4
Any capital of a 'C' country per Continent
5
Closest Countries to UK A-Z
6
Any capital of a 'D' country per Continent
7
5-to-1: US Geography No Hints
8
One Thing in Common: United Kingdom
9
Any capital of an 'E' country per Continent
10
Any capital of an 'F' country per Continent
Explore More
Trending Topics
Harry Potter
Marvel
NBA
Crossword
Disney
Anime
Kpop
WWE
Soccer
Country
The Office
Puzzle
Pokémon
NFL
Song
hide this ad
More By:
AleksGamer123
Quiz
Plays
Rating
Category
Featured
Created
Apex Legends: Kings Canyon Locations (Clickable)
16,404
5.00
Gaming
Mar 20, 2019
Apex Legends Weapons
13,197
4.60
Gaming
Mar 21, 2019
Apex Legends Characters
7,546
5.00
Gaming
Mar 20, 2019
Apex Legends: Olympus Locations (Clickable)
3,863
5.00
Gaming
Sep 13, 2021
PUBG: Erangel Locations
2,630
5.00
Gaming
Mar 25, 2019
Go to Creator's Profile
Score Distribution
Quiz Creator Spotlight
AleksGamer123
Follow
Send a Message
Quizzes Created
-
Created Quiz Play Count
-
More By This Creator
Popular Quizzes Today
1
Find the US States - No Outlines Minefield
2
Find the Countries of Europe - No Outlines Minefield
3
The Countries of the World
4
Find the US States
5
US States
6
Popular People in 1961
7
Risky Map Clicking: Biggest States A-Z
8
Movies - When Are They Set?
More Geography Quizzes
7-Letter States
Published
Trending Quizzes
Risky Map Clicking: Least Populous States A-Z
1-10 Letter G Words
1-10 Letter F Words
Risky Map Clicking: Next State Alphabetically
Risky Map Clicking: Biggest States A-Z
Recently Updated
Leaping Animals
pecheneg
Reality TV Shows (A-Z)
bhenderson79
Rickey Henderson's Hall of Fame Teammates
pecheneg
Champions League XIs: Arsenal
pecheneg
Quick Pick: Celebrities in WWE's Hall of Fame
aduchscher
A-Z Keypad Blitz II
pecheneg
Multiple Oscar Actors
pecheneg
Mystery Phrase Blitz: Oscar 'Best Actors'
pecheneg
F. Scott Fitzgerald Novels
LTH
Pick 3 Villains
ddd62291
Trending Topics
Anime
Disney
Harry Potter
Marvel
NBA
Kpop
Crossword
Puzzle
NFL
WWE
Country
Song
The Office
Pokémon
Soccer
Your Account Isn't Verified!
In order to create a playlist on Sporcle, you need to verify the email address you used during registration. Go to your
Sporcle Settings
to finish the process.
Report this User
Report this user for behavior that violates our
Community Guidelines
.
Details:
Send Report
Go to the Sporcle.com Mobile Site →
Comments